000
00325nam a22001457a 4500
020
_a
81-7478-555-8
082
_a
920
_b
JES/V
100
_a
JESUDASEN, YASMINE
245
_a
VOICES OF FREEDOM MOVEMENT
250
_a
FIRST
260
_a
CHENNAI
_b
SURA BOOKS
_c
2004
300
_a
83
650
_a
BIOGRAPHY
_z
CHENNAI
942
_c
BK
999
_c
6434
_d
6434